| 000 | 02117nam a2200325Ia 4500 | ||
|---|---|---|---|
| 003 | PE SENCICO BE | ||
| 005 | 20251020182440.0 | ||
| 008 | 200515s9999 xx a 000 0 und d | ||
| 020 | _a968-18-6210-4 | ||
| 040 |
_aPE SENCICO BE _cPE SENCICO BE |
||
| 041 | _aspa | ||
| 082 |
_a526.9 _2M12 |
||
| 100 | 1 |
_aMcCormac, Jack C. _9562 _eautor |
|
| 245 | 1 | 0 |
_aTopografía / _cJack McCormac; traductor: Uriel Texcalpa Villarruel |
| 250 | _a[1a ed.] | ||
| 260 |
_aMéxico, D.F.: _bLimusa Wiley, _c2004. |
||
| 300 |
_a416 páginas : _bilustraciones graficos, diagramas, _c27 cm. |
||
| 505 | 0 | _aIntroducción a las mediciones -- Introducción a la medición de distancias -- Correcciones de distancia -- Instrumentos electrónicos para medición de distancias -- Introducción a la nivelación -- Nivelación diferencial -- Ángulos y direcciones -- Medición de ángulos y direcciones con tránsitos, teodolitos y estaciones totales -- Estudio de diversos temas sobre ángulos -- Ajuste de poligonales y cálculo de áreas -- Cálculo con computadora y mediciones omitidas -- Levantamientos topográficos -- Sistema de posicionamiento global (Global Position System, GPS) -- Sistema de Información Geográfica -- Topografía aplicada a la construcción -- Volúmenes -- Levantamiento de terrenos o topografía de la propiedad -- Curvas horizontales -- Curvas verticales -- Topografía: la profesión | |
| 520 | 3 | _aEl texto abarca desde las técnicas y los aparatos tradicionales hasta los avances mas recientes en el campo de la topografía. A lo largo de la obra el autor hace énfasis en los aspectos éticos de la profesión y en la seriedad e importancia que tiene el trabajo del topógrafo | |
| 650 | 1 | 0 |
_aTopografía _94 |
| 650 | 2 | 0 |
_aInstrumentos de topografía _9997 |
| 650 | 2 | 0 |
_aNivelación de terrenos _93229 |
| 650 | 2 | 0 |
_aMedición de superficies _93205 |
| 650 | 2 | 0 |
_aLevantamiento topográfico _9116 |
| 650 | 2 | 0 |
_aGPS _9911 |
| 650 | 2 | 0 |
_aSistema de Posicionamiento Global _93280 |
| 650 | 2 | 0 |
_aSistemas de Información Geográfica (SIG) _9125 |
| 650 | 2 | 0 |
_aÉtica profesional _92303 |
| 942 |
_cLIB _2ddc |
||
| 999 |
_c518 _d518 |
||